000
00338nam a2200133Ia 4500
008
240624s9999 xx 000 0 und d
041
_a
eng
082
_a
658.85 LON
100
_a
LONDON JONATHAN
245
_a
ENTREPRENEUR S GUIDE TO SELLING
260
_c
2009
_a
London
_b
Praeger
300
_a
xiii, : 155 : p. : cm. ; 24
365
_c
_b
26
999
_c
20734
_d
20734